Länder, die mit S beginnen - Karten-Quiz - Statistiken

Allgemein
  • Dieses Quiz wurde 397 mal gespielt
  • Das Durchschnittsergebnis liegt bei 25 aus 28
Antworten auf der Karte
Die Antworten werden auf der Karte rot bzw. grün angezeigt, abhängig davon wie oft sie richtig erraten wurden.
 
Antwortstatistiken
Land % Korrekt
Schweden
98%
Schweiz
98%
Serbien
98%
Spanien
98%
Südafrika
98%
Slowenien
97%
Sudan
97%
Saudi-Arabien
96%
Slowakei
96%
Südkorea
95%
Somalia
93%
Südsudan
93%
Senegal
92%
San Marino
91%
Sri Lanka
91%
Syrien
91%
Suriname
90%
Seychellen
88%
Simbabwe
87%
Sambia
83%
Singapur
79%
St. Kitts und Nevis
79%
St. Lucia
79%
Samoa
78%
St. Vincent und die Grenadinen
76%
Salomonen
75%
Sierra Leone
73%
São Tomé und Príncipe
71%
Keine übereinstimmenden Quizze gefunden
Verteilung der Resultate
Anzahl Personen mit jedem Resultat
Perzentil nach korrekt beantworteten Fragen
Ihre Resultats-Entwicklung
Sie haben dieses Quiz noch nicht gespielt